000 00793nam a22002417a 4500
001 3796
003 FISKH
005 20260427140927.0
008 240508b cb ||||| |||| 00| 0 eng d
040 _aFISK
_beng
_cFISK
_dFISK
050 _aPZ7.S75663
082 _a813.54
100 _aJerry Spinelli
_d1941-
245 _aLoser /
_cJerry Spinelli
260 _aNew York :
_bScholastic,
_c2003
300 _a218 pages :
_c20 cm
505 _aM
520 _aEven though his classmates from first grade on have considered him strange and a loser, Daniel Zinkoff's optimism and exuberance and the support of his loving family do not allow him to feel that way about himself.
521 8 _a710
_bLexiles
700 _aJerry Spinelli
942 _2ddc
_cBK
_n0
999 _c3796
_d3796